| 000 | 00532nam a2200181Ia 4500 | ||
|---|---|---|---|
| 008 | 220216s9999 xx 000 0 und d | ||
| 100 | _aJohn A. | ||
| 245 | 0 | _aClonal variation in the intensity of powdery mildew (Oidium heveae steinm) disease of Hevea | |
| 260 |
_bIndian Journal of Natural Rubber Research _c2000 |
||
| 300 | _a64-68 | ||
| 650 | _aClonal stability | ||
| 650 | _aPowdery mildew | ||
| 700 | _aJoseph A. | ||
| 700 | _aMeenakumari T. | ||
| 700 | _aSaraswathyamma C.K. | ||
| 700 | _aVarghese Y.A. | ||
| 942 | _cBS | ||
| 999 |
_c48963 _d48963 |
||